| 000 | 00617nam a2200217I 4500 | ||
|---|---|---|---|
| 999 |
_c5407 _d5407 |
||
| 001 | 730421 | ||
| 003 | OSt | ||
| 005 | 20190103181412.0 | ||
| 008 | 731030|1972||||||| |||| ||eng|c | ||
| 040 |
_aCincinnati Bible Seminary _cDLC |
||
| 082 |
_a234.1 _bG297C |
||
| 092 |
_a248.29 _bG297c |
||
| 100 | 1 |
_aGee, Donald, _d1891-1966. |
|
| 245 | 1 | 0 |
_aConcerning Spiritual Gifts, _ba series of Bible studies. |
| 250 | _aRev. ed. | ||
| 260 |
_aSpringfield, Mo., _bGospel Pub. House _c[1972] |
||
| 300 |
_a119 p. _c21 cm. |
||
| 630 | 0 | 0 |
_aBible. _pN.T. _pCorinthians, 1st, XII. |
| 650 | 0 | _aGifts, Spiritual. | |
| 942 |
_2ddc _cBK |
||